| 000 | 01044nam a2200265Ia 4500 | ||
|---|---|---|---|
| 003 | OSt | ||
| 005 | 20220923211021.0 | ||
| 006 | a|||||r|||| 00| 0 | ||
| 007 | ta | ||
| 008 | 220922b |||||||| |||| 00| 0 hin d | ||
| 020 |
_a8170556112 (hbk) _c150 |
||
| 024 | _a242,083 | ||
| 037 |
_b512, 08/03/2010, Vani Prakashan _cTextual |
||
| 040 |
_aARTS _cARTS _bhin |
||
| 041 |
_2hin _ahin |
||
| 082 | _aO152,1:g(S:55), N8 | ||
| 100 |
_aघोरपड़े, पद्मजा _9157181 |
||
| 245 | 0 | _aस्वातं×योत्तर हिंदी कविता में प्रणय - चित्रण | |
| 246 | _aSvātan×yottar hiandī kavitā mean praṇaya - chitraṇa | ||
| 260 |
_aनयी दिल्ली _b वाणी प्रकाशन _c1998 |
||
| 300 |
_a159पृ. _ccm. |
||
| 650 |
_aहिन्दी साहित्य _9156264 |
||
| 942 |
_hO152,1:g(S:55), N8 _cTEXL _2CC |
||
| 999 |
_c293975 _d293975 |
||